| 000 | 00505nam a2200181Ia 4500 | ||
|---|---|---|---|
| 005 | 20250508150715.0 | ||
| 008 | 008 250505s9999 xx 000 0 eng d | ||
| 037 | _aTextual | ||
| 040 |
_aFEDL _beng _cFEDL |
||
| 041 |
_aeng _2eng |
||
| 084 |
_a501, MER _qFEDL |
||
| 100 |
_aMerriman A D _9755811 |
||
| 245 | 0 | _aAchievements of modern science | |
| 260 |
_aLondon, UK _bThe Gregg Publishing Co. Ltd. _c1949 |
||
| 300 | _axii,272p. | ||
| 942 |
_cTEXL _h501, MER |
||
| 999 |
_c1325181 _d1325181 |
||